000 00703nam a22002657a 4500
003 UA-OsUOA
001 21849
007 ta
008 20031215b un ||||| |||| 00| 0 ukr d
100 _aКрейнак Джой
700 _aХебрейкен Джой
090 _a004(031)
_bК79
942 _cBK
040 _aUA-OsUOA
_brus
_cUA-OsUOA
_dUA-OsUOA
245 _aИнтернет. Энциклопедия
_cПер. Е.Клейменов
300 _a560 с.
_bІлюстрації
955 _a0
041 _arus
080 _a004(031)
020 _a5-314-00119-5
260 _aСанкт-Петербург
_bПитер
_c2000
044 _aRU
650 7 _2UDC
999 _c308059
_d308059